000
00208 a2200097 4500
001
7226
100
_a
Thomas, G.B
245
_a
Calculus and Analytic geometry
260
_a
_b
Addison
_c
090
_c
5969
_d
5969
942
_a
NUST-CAE
_c
M
_c
32454
999
_c
242299
_d
242299